Συρμος σκιά
Αποθηκεύτηκε σε:
| Κύριος συγγραφέας: | |
|---|---|
| Άλλοι συγγραφείς: | |
| Μορφή: | Βιβλίο |
| Γλώσσα: | Greek English |
| Δημοσίευση: |
Αθήνα :
Βιβλιοπωλείο της Εστίας,
1994.
|
| Θέματα: | |
| Ετικέτες: |
Προσθήκη ετικέτας
Δεν υπάρχουν, Καταχωρήστε ετικέτα πρώτοι!
|
MARC
| LEADER | 00000cam a2200000 i 4500 | ||
|---|---|---|---|
| 001 | 1/32000 | ||
| 008 | 960729s1994 gr | ||| |||| ||gre|| | ||
| 020 | |a 9600505764 | ||
| 035 | |1 ΕΛΗ |a 1996 |b 2407 |c ΒΙΒΛΙΟΘΗΚΗ |l 10038981 | ||
| 040 | |a GR-MY-UA |b gre |e aacr | ||
| 041 | 1 | |a gre |h eng | |
| 082 | 0 | |a 821 | |
| 100 | 1 | |a Ashbery, John. | |
| 245 | 1 | 0 | |a Συρμος σκιά / |c John Ashbery ; εισαγωγή, μετάφραση, σημειώσεις Βασίλης Παπαγεωργίου. |
| 260 | |a Αθήνα : |b Βιβλιοπωλείο της Εστίας, |c 1994. | ||
| 300 | |a 94 σ. ; |c 20 εκ. | ||
| 500 | |a Τίτλος πρωτοτύπου: Shadow Train | ||
| 650 | 0 | 0 | |a English poetry. |
| 700 | 1 | |a Παπαγεωργίου, Βασίλης, |d 1955- |e trl | |
| 852 | |a INST |b SAMOS |e 19960729 |h 821 ASH |p 005300009539 |q 005300009539 |t BK |y 0 | ||
| 909 | |a Σ |b 041628 | ||